Вып. 14; Русская живопись в музеях РСФСР

Podrobná bibliografie
Parent link:Русская живопись в музеях РСФСР: [альбом репродукций]/ сост. П. Н. Рябинкин. Вып. 14.— , 1955-
Jazyk:ruština
Vydáno: 1965
Témata:
Médium: MixedMaterials Kniha
KOHA link:https://koha.lib.tpu.ru/cgi-bin/koha/opac-detail.pl?biblionumber=117824

MARC

LEADER 00000nam2a2200000 4500
001 117824
005 20231101215428.0
035 |a (RuTPU)RU\TPU\book\127531 
090 |a 117824 
100 |a 20070606d1965 m y0rusy50 ca 
101 0 |a rus 
102 |a RU 
105 |a a z 000zy 
200 0 |a Вып. 14 
210 |d 1965 
215 |a 65 с.  |c ил. 
461 1 |0 (RuTPU)RU\TPU\book\146550  |t Русская живопись в музеях РСФСР  |o [альбом репродукций]  |f сост. П. Н. Рябинкин  |v Вып. 14  |d 1955-   |s Художественные сокровища СССР 
606 1 |a Живопись  |2 stltpush  |3 (RuTPU)RU\TPU\subj\73461  |9 86457 
610 1 |a русская живопись 
610 1 |a альбомы 
610 1 |a репродукции 
610 1 |a музеи 
610 1 |a РСФСР 
675 |a 75(084)  |v 3 
801 1 |a RU  |b 63413507  |c 20070606  |g PSBO 
801 2 |a RU  |b 63413507  |c 20190205  |g PSBO 
942 |c BK